01411nam0a22002771 4500001001100000005001700011021001900028035002600047100004100073101000800114102000700122105001800129200032500147210003200472215001500504300006300519320006200582606015800644606004600802606012000848701002800968712007900996801001801075801002201093852001801115rc\445214420260407061755.0 aRUb[63-18728] a(NLR Aleph) 008587736 a20130416d1962 |||y0rusy50 ca0 arus aRU ay z |||||1 aИсторико-революционная тема в советской живописиe(Метод. пособие для лекториев худож. музеев)fМ-во культуры РСФСР. Науч.-исслед. ин-т музееведения. Гос. Третьяковская галерея aМоскваcБ. и.d1962 a20 с.d28 aВ конце текста авт.: М. Яблонская aБиблиогр. в конце книги (10 назв.) aИностранная военная интервенция и гражданская война в СССР 1918-1920 гг. в живописи2psbo aСоветская живопись2psbo aВеликая Октябрьская социалистическая революция в живописи2psbo 1aЯблонскаяbМ.024570aНИИ музееведенияcМосква3RU\NLR\AUTH\8810028853 0aRUbNLRgpsbo 1aRUbELAR2rusmarc aNLRj63-8/628